[Event "IRI-ch U16"]
[Site "Chess.com INT"]
[Date "2021.01.16"]
[Round "5"]
[White "Navidi, Parsa"]
[Black "Vesali Khah, Parsa"]
[Result "1-0"]
[WhiteElo "1810"]
[BlackElo "1305"]
[PlyCount "117"]
[EventDate "2021.01.16"]
[EventType "swiss"]
[EventRounds "11"]
[EventCountry "IRI"]
[SourceTitle "EXT 2022"]
[Source "ChessBase"]
[SourceDate "2021.10.06"]
[SourceVersion "1"]
[SourceVersionDate "2021.10.06"]
[SourceQuality "1"]

1. e4 e6 2. d4 d5 3. Nc3 c5 4. exd5 exd5 5. dxc5 d4 6. Bb5+ Nc6 7. Bxc6+ bxc6 8. Ne4 Bxc5 9. Nxc5 Qa5+ 10. c3 dxc3 11. b4 Qxb4 12. Qe2+ Ne7 13. Nd3 Qa5 14. Qe5 Qxe5+ 15. Nxe5 0-0 16. Ngf3 Ba6 17. Be3 Rfe8 18. Rc1 Nd5 19. Nxc6 Nxe3 20. fxe3 Rxe3+ 21. Kf2 Re2+ 22. Kg3 c2 23. Ncd4 Re4 24. Rxc2 Rae8 25. Rhc1 g6 26. Rc7 h5 27. h3 R4e7 28. Rxe7 Rxe7 29. Rc6 Bb7 30. Rc1 Bd5 31. a4 a6 32. a5 Re4 33. Rc5 Bb7 34. Rc7 Bd5 35. Ra7 Bc4 36. Rc7 Bd5 37. Rc5 Bb7 38. Re5 Kg7 39. Rxe4 Bxe4 40. Nb3 Bd3 41. Nc5 Bb5 42. Kf2 Kf6 43. h4 Ke7 44. Ke3 Kd6 45. Kd4 Bf1 46. g3 f6 47. Nd2 Bb5 48. Nde4+ Ke7 49. Kd5 Kf7 50. Nd6+ Ke7 51. Nxb5 axb5 52. a6 g5 53. a7 gxh4 54. gxh4 b4 55. a8Q b3 56. Qb7+ Kf8 57. Ke6 Kg8 58. Kxf6 b2 59. Qg7# 1-0